000
nam a22 7a 4500
999
_c
46552
_d
46552
003
OSt
005
20190418125933.0
008
190418b xxu||||| |||| 00| 0 eng d
040
_c
IIMT COLLEGE OF LAW,GREATER NOIDA
100
_a
KAUT,ANJANI
245
_a
BANKING LAW
260
_a
NEW DELHI
_b
C.L.P.
_c
2016
300
_a
443
942
_2
ddc
_c
02